Statystyki dla Najlepszy aktor pierwszoplanowy - Oscary

Kliknij tutaj aby rozwiązać quiz!

Ogólne statystyki

  • Ten quiz został rozwiązany 141 razy
  • Średni wynik to 8 z 15

Statystyki odpowiedzi

RokFilmAktor% Poprawnych
2015ZjawaLeonardo diCaprio
93%
2019JokerJoaquin Phoenix
88%
2018Bohemian RhapsodyRami Malek
79%
2017Czas mrokuGary Oldman
59%
2010Jak zostać królemColin Firth
58%
2012LincolnDaniel Day-Lewis
55%
2014Teoria wszystkiegoEddie Redmayne
50%
2016Manchester by the SeaCasey Affleck
48%
2007Aż poleje się krewDaniel Day-Lewis
45%
2008Obywatel MilkSean Penn
45%
2013Witaj w klubieMatthew McConaughey
44%
2006Ostatni król SzkocjiForest Whitaker
36%
2005CapotePhilip Seymour Hoffman
34%
2011ArtystaJean Dujardin
24%
2009Szalone serceJeff Bridges
21%

Rozkład punktacji

Percentyl według liczby udzielonych odpowiedzi

Procent ludzi z każdym wynikiem

Twoja historia wyników

Nie rozwiązałeś tego quizu